[Event "10. offene Stadtmeisterschaft"]
[Site "Nittenau"]
[Date "2010.09.19"]
[Round "5.8"]
[White "Cserti, Istvan"]
[Black "Kouba, Severin"]
[Result "0-1"]
[WhiteElo "1688"]
[BlackElo "1830"]
[PlyCount "50"]
[EventDate "2010.09.??"]
[EventRounds "5"]
[EventCountry "GER"]
[SourceTitle "OM OTB B 201907"]
[Source "Opening Master"]
[SourceDate "2019.07.06"]
[SourceVersion "2"]
[SourceVersionDate "2019.07.06"]
[SourceQuality "1"]

1. e4 c5 2. Nf3 d6 3. d4 cxd4 4. Nxd4 Nf6 5. Nc3 Nc6 6. Be2 e5 7. Ndb5 a6 8.
Na3 b5 9. Nd5 Nxe4 10. Bf3 Nc5 11. Nb4 Nxb4 12. Bxa8 d5 13. O-O Be6 14. Qe2
Qxa8 15. Qxe5 Nc6 16. Qe2 b4 17. c4 bxa3 18. cxd5 Nd4 19. Qd1 Qxd5 20. b4 Nd7
21. Bxa3 Nb5 22. Qxd5 Bxd5 23. Bb2 Bxb4 24. Rad1 Bc4 25. Bxg7 Rg8 0-1

[Event "Natal Potiguar-ch op"]
[Site "Natal"]
[Date "2010.09.19"]
[Round "4"]
[White "Azevedo, Alcides Alexandre"]
[Black "Barreto Filho, Carlos Alberto"]
[Result "1/2-1/2"]
[WhiteElo "2048"]
[BlackElo "2346"]
[PlyCount "80"]
[EventDate "2010.09.17"]
[EventType "swiss"]
[EventRounds "9"]
[EventCountry "BRA"]
[SourceTitle "OM OTB B 201907"]
[Source "Opening Master"]
[SourceDate "2019.07.06"]
[SourceVersion "2"]
[SourceVersionDate "2019.07.06"]
[SourceQuality "1"]

1. e4 c5 2. Nf3 d6 3. d4 cxd4 4. Nxd4 Nf6 5. Nc3 Nc6 6. Be2 e5 7. Nb3 Be7 8.
O-O O-O 9. Bg5 a5 10. Bxf6 Bxf6 11. Nd5 a4 12. Nd2 Bg5 13. Nc4 b5 14. Ncb6 Rb8
15. Nxc8 Qxc8 16. c3 g6 17. Bd3 Qd8 18. Qe2 Na7 19. g3 Bh6 20. Rad1 f5 21. exf5
gxf5 22. Qh5 Qg5 23. Qxg5+ Bxg5 24. f4 exf4 25. gxf4 Bd8 26. Kh1 Nc6 27. Rg1+
Kh8 28. Rde1 b4 29. Re6 bxc3 30. bxc3 Bh4 31. Rxd6 Ne7 32. Nxe7 Bxe7 33. Rd7
Rbd8 34. Rxd8 Bxd8 35. Bb5 Bc7 36. Bxa4 Bxf4 37. Bc6 Rc8 38. Bd5 Be3 39. Rg2 f4
40. Rc2 Kg7 1/2-1/2

[Event "Khanty-Mansiysk Governor Cup 6th"]
[Site "Khanty-Mansiysk"]
[Date "2010.09.19"]
[Round "3"]
[White "Ponkratov, Pavel"]
[Black "Sergeev, Veniamin"]
[Result "1-0"]
[WhiteElo "2582"]
[BlackElo "2408"]
[PlyCount "83"]
[EventDate "2010.09.17"]
[EventType "swiss"]
[EventRounds "10"]
[EventCountry "RUS"]
[SourceTitle "OM OTB B 201907"]
[Source "Opening Master"]
[SourceDate "2019.07.06"]
[SourceVersion "2"]
[SourceVersionDate "2019.07.06"]
[SourceQuality "1"]

1. e4 c5 2. Nf3 Nc6 3. d4 cxd4 4. Nxd4 Nf6 5. Nc3 d6 6. Be2 e5 7. Nb3 Be7 8.
O-O O-O 9. f4 a5 10. a4 Nb4 11. Kh1 Qc7 12. Bf3 Be6 13. Be3 Rfd8 14. Qc1 Bc4
15. Rd1 h5 16. Nd2 Ba6 17. Ndb1 d5 18. exd5 e4 19. Bxe4 Nxe4 20. Nxe4 Nxd5 21.
Nbc3 Nb4 22. Rd2 Qc6 23. f5 Bf8 24. f6 g6 25. Bh6 Qe8 26. Rf2 Rd4 27. Bxf8 Qxf8
28. Qg5 b6 29. h3 Rad8 30. Ng3 Kh7 31. Re1 Qh6 32. Qxh6+ Kxh6 33. Re7 h4 34.
Nge4 Bc4 35. Nb5 Rd1+ 36. Kh2 Nd5 37. Ned6 Ne3 38. Rxe3 R8xd6 39. Nxd6 Rxd6 40.
Re4 Be6 41. Rxh4+ Kg5 42. Rhf4 1-0

[Event "Sentjur Ipavec Memorial 11th"]
[Site "Sentjur"]
[Date "2010.09.17"]
[Round "1"]
[White "Zelcic, Robert"]
[Black "Jaklin, Damir"]
[Result "1-0"]
[WhiteElo "2554"]
[BlackElo "1982"]
[PlyCount "69"]
[EventDate "2010.09.17"]
[EventType "swiss"]
[EventRounds "9"]
[EventCountry "SLO"]
[SourceTitle "OM OTB B 201907"]
[Source "Opening Master"]
[SourceDate "2019.07.06"]
[SourceVersion "2"]
[SourceVersionDate "2019.07.06"]
[SourceQuality "1"]

1. e4 c5 2. Nf3 d6 3. d4 cxd4 4. Nxd4 Nf6 5. Nc3 Nc6 6. Be2 e5 7. Nf3 h6 8. O-O
Be6 9. Re1 Be7 10. Bf1 Qa5 11. Bd2 Qb6 12. a4 a5 13. Be3 Qd8 14. Nd5 Bxd5 15.
exd5 Nb4 16. Bb5+ Kf8 17. Bc4 Rc8 18. Bb3 g6 19. c3 Na6 20. Nd2 Nd7 21. Bc2 Bg5
22. Qf3 Qf6 23. Qh3 Bxe3 24. fxe3 Rd8 25. Rf1 Qg7 26. Ne4 Ke7 27. Qh4+ g5 28.
Qf2 Nac5 29. Ng3 Kf8 30. b4 axb4 31. cxb4 Na6 32. Nh5 Qg8 33. Bf5 Nab8 34. a5
Re8 35. Rac1 1-0

[Event "HUN-chT2 Szechenyi 1011"]
[Site "Hungary"]
[Date "2010.09.12"]
[Round "1.1"]
[White "Rako, Istvan"]
[Black "Gaber, Jozsef"]
[Result "1-0"]
[WhiteElo "2138"]
[BlackElo "2211"]
[PlyCount "87"]
[EventDate "2010.09.12"]
[EventType "team-tourn"]
[EventRounds "11"]
[EventCountry "HUN"]
[SourceTitle "OM OTB B 201907"]
[Source "Opening Master"]
[SourceDate "2019.07.06"]
[SourceVersion "2"]
[SourceVersionDate "2019.07.06"]
[SourceQuality "1"]

1. e4 c5 2. Nf3 d6 3. d4 cxd4 4. Nxd4 Nf6 5. Nc3 Nc6 6. Be2 e5 7. Nb3 Be7 8.
Be3 Be6 9. Qd2 O-O 10. O-O-O a5 11. Kb1 a4 12. Nc1 a3 13. b3 Qa5 14. f3 Rac8
15. Na4 Qxd2 16. Rxd2 d5 17. Nb6 Rcd8 18. exd5 Nxd5 19. Nxd5 Rxd5 20. Rxd5 Bxd5
21. Rd1 Be6 22. Nd3 Nd4 23. Bxd4 exd4 24. Nf4 Bc5 25. Nxe6 fxe6 26. Bc4 Kf7 27.
c3 dxc3 28. Kc2 Kf6 29. Kxc3 e5 30. Rd7 b6 31. b4 Bd4+ 32. Kb3 Rc8 33. f4 Rc6
34. g4 b5 35. Bxb5 Rc3+ 36. Ka4 Ke6 37. h4 h6 38. h5 Rg3 39. f5+ Kf6 40. Be2
Rc3 41. Bd1 Rf3 42. Bb3 Rf4 43. Rf7+ Kg5 44. Rxg7+ 1-0

[Event "UZB-ch U20"]
[Site "Tashkent"]
[Date "2010.09.11"]
[Round "7"]
[White "Sapaev, Maksad"]
[Black "Faizulaev, Akmal"]
[Result "1/2-1/2"]
[WhiteElo "2166"]
[BlackElo "2310"]
[PlyCount "85"]
[EventDate "2010.09.05"]
[EventType "tourn"]
[EventRounds "13"]
[EventCountry "UZB"]
[SourceTitle "OM OTB B 201907"]
[Source "Opening Master"]
[SourceDate "2019.07.06"]
[SourceVersion "2"]
[SourceVersionDate "2019.07.06"]
[SourceQuality "1"]

1. e4 c5 2. Nf3 d6 3. d4 cxd4 4. Nxd4 Nf6 5. Nc3 Nc6 6. Be2 e5 7. Nb3 h6 8. O-O
Be7 9. f4 O-O 10. f5 a5 11. Be3 a4 12. Nd2 a3 13. b3 Qa5 14. Na4 b5 15. Nb6 Rb8
16. Nd5 Bd8 17. Nxf6+ Bxf6 18. Nf3 Rd8 19. Qe1 Qxe1 20. Nxe1 Bg5 21. Bxg5 hxg5
22. c3 b4 23. c4 Nd4 24. Bd3 Kf8 25. Nc2 Nxc2 26. Bxc2 Bb7 27. Rad1 Ke7 28. Rd2
Kd7 29. Re1 Kc6 30. Re3 f6 31. Bd1 Rh8 32. g3 Kc5 33. Bf3 Rh6 34. Re1 Rd8 35.
Re3 Bc6 36. Re1 Rhh8 37. Re3 Ra8 38. Re1 Ra7 39. Re3 Ra6 40. Re1 Bb7 41. Re3
Raa8 42. Re1 Ra5 43. Re3 1/2-1/2

[Event "POL-chT 2st League"]
[Site "Mrzezyno"]
[Date "2010.09.09"]
[Round "6.53"]
[White "Malecki, Rafal"]
[Black "Dziodzio, Angelika"]
[Result "1-0"]
[WhiteElo "2187"]
[BlackElo "1864"]
[PlyCount "84"]
[EventDate "2010.09.04"]
[EventType "team-swiss"]
[EventRounds "9"]
[EventCountry "POL"]
[SourceTitle "OM OTB B 201907"]
[Source "Opening Master"]
[SourceDate "2019.07.06"]
[SourceVersion "2"]
[SourceVersionDate "2019.07.06"]
[SourceQuality "1"]
[WhiteTeam "Chroscice LZS Victoria"]
[BlackTeam "Rybnik MKSz"]
[WhiteTeamCountry "POL"]
[BlackTeamCountry "POL"]

1. e4 c5 2. Nf3 d6 3. d4 cxd4 4. Nxd4 Nf6 5. Nc3 Nc6 6. Be2 e5 7. Nb3 Be7 8.
Be3 O-O 9. O-O a5 10. a4 Nb4 11. f4 Bd7 12. fxe5 dxe5 13. Bf3 Bc6 14. Qe2 b6
15. Rfd1 Qc7 16. Qf2 Rab8 17. Rd2 Bd7 18. Qg3 Rfd8 19. Kh1 Be6 20. Nd4 Bc5 21.
Ncb5 Qc8 22. Qxe5 Bc4 23. b3 Re8 24. Qf4 Be6 25. Rad1 Bg4 26. c3 Bxf3 27. gxf3
Nbd5 28. Qg5 h6 29. Qg1 Nxe3 30. Qxe3 Qh3 31. Qe2 Nh7 32. Qg2 Qh5 33. Nf5 g6
34. Qg4 Qg5 35. Qh3 Rbd8 36. Nbd4 Bf8 37. Rg2 Qf4 38. Rg4 Qc7 39. Nxh6+ Kg7 40.
Nhf5+ Kh8 41. Rdg1 Bg7 42. Nxg7 Kxg7 1-0

[Event "Howard Ridout Swiss"]
[Site "Toronto CAN"]
[Date "2010.09.09"]
[Round "1"]
[White "Zhou, Kevin"]
[Black "Picana, Andrew"]
[Result "0-1"]
[WhiteElo "1900"]
[BlackElo "2152"]
[PlyCount "64"]
[EventDate "2010.09.09"]
[EventRounds "7"]
[EventCountry "CAN"]
[SourceTitle "OM OTB B 201907"]
[Source "Opening Master"]
[SourceDate "2019.07.06"]
[SourceVersion "2"]
[SourceVersionDate "2019.07.06"]
[SourceQuality "1"]

1. e4 c5 2. Nf3 d6 3. d4 cxd4 4. Nxd4 Nf6 5. Nc3 Nc6 6. Be2 e5 7. Nb3 Be6 8.
O-O Be7 9. Be3 O-O 10. f4 a6 11. a4 Na5 12. fxe5 dxe5 13. Qxd8 Bxd8 14. Nc5 Bc4
15. Nd3 Bxd3 16. cxd3 Rc8 17. d4 Nb3 18. Rad1 exd4 19. e5 dxe3 20. exf6 Bxf6
21. Rd3 Nc5 22. Rd5 Bxc3 23. bxc3 Nxa4 24. Rd7 Nxc3 25. Bf3 b5 26. Bb7 Rcd8 27.
Rc7 Ne2+ 28. Kh1 Nf4 29. g3 e2 30. Re1 Rd1 31. Rc1 Rxc1 32. Rxc1 Nd3 0-1

[Event "WUCC op (Women) 11th"]
[Site "Zuerich"]
[Date "2010.09.08"]
[Round "5"]
[White "Van Nies, Pauline"]
[Black "Hoolt, Sarah"]
[Result "1/2-1/2"]
[WhiteElo "2167"]
[BlackElo "2251"]
[PlyCount "80"]
[EventDate "2010.09.05"]
[EventType "swiss"]
[EventRounds "9"]
[EventCountry "SUI"]
[SourceTitle "OM OTB B 201907"]
[Source "Opening Master"]
[SourceDate "2019.07.06"]
[SourceVersion "2"]
[SourceVersionDate "2019.07.06"]
[SourceQuality "1"]

1. e4 c5 2. Nf3 d6 3. d4 cxd4 4. Nxd4 Nf6 5. Nc3 Nc6 6. Be2 e5 7. Nf3 h6 8. h3
Be6 9. O-O Be7 10. Re1 O-O 11. Bf1 Rc8 12. Nd5 Bxd5 13. exd5 Nb4 14. c4 a5 15.
a3 Na6 16. Bd2 Nd7 17. Rb1 f5 18. Bc3 Nac5 19. b4 Ne4 20. Bd2 Ra8 21. Qb3 Nxd2
22. Nxd2 axb4 23. axb4 b6 24. Ra1 Bf6 25. Rxa8 Qxa8 26. Nb1 e4 27. Na3 Be5 28.
Nb5 Qd8 29. Na7 Nb8 30. Qe3 Rf7 31. Nb5 Nd7 32. Na7 Qh4 33. Nc6 Bf4 34. Qe2 Ne5
35. Nxe5 Bxe5 36. Qe3 Qd8 37. Rd1 Kh7 38. c5 bxc5 39. bxc5 dxc5 40. Qxc5 Bd6
1/2-1/2

[Event "Kuala Lumpur op 7th"]
[Site "Kuala Lumpur"]
[Date "2010.09.04"]
[Round "5"]
[White "Iuldachev, Saidali"]
[Black "Gupta, Abhijeet"]
[Result "0-1"]
[WhiteElo "2496"]
[BlackElo "2595"]
[PlyCount "108"]
[EventDate "2010.09.01"]
[EventType "swiss"]
[EventRounds "9"]
[EventCountry "MAS"]
[SourceTitle "OM OTB B 201907"]
[Source "Opening Master"]
[SourceDate "2019.07.06"]
[SourceVersion "2"]
[SourceVersionDate "2019.07.06"]
[SourceQuality "1"]

1. e4 c5 2. Nc3 d6 3. Nge2 Nc6 4. d4 cxd4 5. Nxd4 Nf6 6. Be2 e5 7. Nf3 h6 8.
O-O Be7 9. Re1 O-O 10. h3 Be6 11. Bf1 Qd7 12. Nd5 Bd8 13. c4 Nh7 14. Bd2 Ng5
15. Bc3 f5 16. Nxg5 Bxg5 17. exf5 Bxf5 18. Be2 Rac8 19. Bg4 Bxg4 20. Qxg4 Qxg4
21. hxg4 Ne7 22. Nxe7+ Bxe7 23. Re4 Rc6 24. Bd2 a6 25. a4 Bg5 26. Rd1 Rfc8 27.
Bxg5 hxg5 28. c5 Rxc5 29. Rxd6 Rc1+ 30. Kh2 R1c2 31. Kg3 Rxb2 32. Rxe5 Rc3+ 33.
f3 Rcc2 34. Rxg5 Rxg2+ 35. Kf4 Rgd2 36. Rxd2 Rxd2 37. a5 Rd4+ 38. Ke5 Rb4 39.
f4 Ra4 40. Rg6 Rxa5+ 41. Ke4 Ra4+ 42. Ke5 a5 43. f5 Kh7 44. g5 Rb4 45. Rd6 a4
46. Rd1 Rb6 47. Ra1 Ra6 48. g6+ Kg8 49. Rb1 Ra7 50. Rc1 Ra8 51. Kd6 b5 52. Rb1
a3 53. Kc5 b4 54. Kc4 b3 0-1

[Event "7th Malaysia Open"]
[Site "Kuala Lumpur MAS"]
[Date "2010.09.04"]
[Round "5"]
[White "Xu Yi"]
[Black "Ton, T."]
[Result "0-1"]
[WhiteElo "2039"]
[BlackElo "2243"]
[PlyCount "94"]
[EventDate "2010.??.??"]

1. e4 c5 2. Nf3 Nc6 3. d4 cxd4 4. Nxd4 Nf6 5. Nc3 d6 6. Be2 e5 7. Nf3 h6 8. O-O
Be7 9. h3 O-O 10. Re1 Be6 11. Bf1 Nd7 12. Nd5 f5 13. exf5 Bxf5 14. c3 Kh8 15.
Nd2 Nf6 16. Nxf6 Bxf6 17. Ne4 Bh4 18. g3 d5 19. Nc5 Be7 20. Nd3 Bd6 21. Bg2 Qf6
22. Rf1 Rad8 23. h4 d4 24. cxd4 Nxd4 25. Be3 Be7 26. Ne1 Nc2 27. Qc1 Nxa1 28.
Qxa1 b6 29. b3 Bc8 30. Nf3 a6 31. Rc1 Ba3 32. Re1 Rfe8 33. h5 Qf5 34. g4 Qxg4
35. Nxe5 Qxh5 36. Bd4 Bd6 37. f4 Bxe5 38. Bxe5 Qg4 39. Kh1 Qh5+ 40. Kg1 Qg6 41.
f5 Qxf5 42. Bxg7+ Kh7 43. Be5 Rg8 44. Qc3 Rxg2+ 45. Kxg2 Bb7+ 46. Kg1 Rg8+ 47.
Bg3 Qc5+ 0-1

[Event "Parla op 25th"]
[Site "Parla"]
[Date "2010.09.04"]
[Round "1"]
[White "Rodriguez Lorenzo, Miguel"]
[Black "Fernandez Lledo, Javier"]
[Result "0-1"]
[WhiteElo "1684"]
[BlackElo "2136"]
[PlyCount "64"]
[EventDate "2010.09.04"]
[EventType "swiss"]
[EventRounds "9"]
[EventCountry "ESP"]
[SourceTitle "OM OTB B 201907"]
[Source "Opening Master"]
[SourceDate "2019.07.06"]
[SourceVersion "2"]
[SourceVersionDate "2019.07.06"]
[SourceQuality "1"]

1. e4 c5 2. Nf3 Nc6 3. d4 cxd4 4. Nxd4 Nf6 5. Nc3 d6 6. Be2 e5 7. Nf3 Be7 8.
O-O O-O 9. h3 h6 10. Be3 Be6 11. Qd2 Qa5 12. a3 Rac8 13. Rfd1 Rfd8 14. b4 Qc7
15. Qd3 d5 16. exd5 Nxd5 17. Nxd5 Bxd5 18. Qb5 Be4 19. c3 Bf6 20. Nh2 Qe7 21.
Bg4 Rxd1+ 22. Rxd1 Rd8 23. Rxd8+ Qxd8 24. Qxb7 Qd3 25. Bxa7 Nxa7 26. Qxa7 Qb1+
27. Nf1 Bd3 28. Kh2 Qxf1 29. Qd7 Bg6 30. Qa7 Bh4 31. Qb8+ Kh7 32. Qxe5 Bxf2 0-1

[Event "FICS rated standard game"]
[Site "FICS freechess.org"]
[Date "2010.09.04"]
[Round "?"]
[White "cornpie"]
[Black "charzan"]
[Result "1-0"]
[WhiteElo "2380"]
[BlackElo "2370"]
[PlyCount "147"]
[EventDate "2010.??.??"]

1. e4 c5 2. Nf3 d6 3. d4 cxd4 4. Nxd4 Nf6 5. Nc3 Nc6 6. Be2 e5 7. Nf3 h6 8. h3
Be6 9. O-O Be7 10. Re1 O-O 11. Bf1 Qa5 12. Bd2 Qd8 13. Na4 d5 14. exd5 Qxd5 15.
c4 Qd6 16. Bc3 Nd7 17. Qe2 Rfd8 18. Rad1 Qc7 19. a3 Rac8 20. b4 f6 21. Qc2 Ncb8
22. Nb2 Nf8 23. Nh4 Nc6 24. Nf5 b6 25. Na4 Rxd1 26. Rxd1 Rd8 27. Bd3 Kh8 28.
Be4 Bxf5 29. Bxf5 Nd4 30. Bxd4 exd4 31. Re1 Bd6 32. c5 bxc5 33. Nxc5 a5 34. Qc4
axb4 35. axb4 Bf4 36. Qd3 Bd6 37. Rc1 Bh2+ 38. Kf1 Bd6 39. g3 Qc6 40. Be4 Qb6
41. Qc4 Bxc5 42. bxc5 Qe6 43. Qxe6 Nxe6 44. Bf5 Nc7 45. Rb1 d3 46. Ke1 g6 47.
Bxg6 Kg7 48. Rb7 Kxg6 49. Rxc7 Kf5 50. Kd2 Ke6 51. c6 Kd6 52. Rf7 Kxc6 53.
Rxf6+ Kd5 54. Rxh6 Rf8 55. Rh5+ Kd4 56. Rh4+ Ke5 57. Rf4 Rd8 58. h4 Rd7 59. f3
Rg7 60. Re4+ Kf6 61. g4 Rd7 62. f4 Rd8 63. h5 Rg8 64. g5+ Kf5 65. Kxd3 Ra8 66.
Rd4 Ra3+ 67. Ke2 Ra1 68. h6 Rh1 69. Kf3 Rh3+ 70. Kg2 Rc3 71. h7 Rc2+ 72. Kg3
Rc3+ 73. Kh4 Rc1 74. Rd3 1-0

[Event "IBCA Wch blind 12th"]
[Site "Belgrade"]
[Date "2010.09.02"]
[Round "7.11"]
[White "Milosavljevic, Ivan"]
[Black "Spinu, Evgeny"]
[Result "0-1"]
[WhiteElo "2030"]
[BlackElo "2264"]
[PlyCount "92"]
[EventDate "2010.08.26"]
[EventType "swiss"]
[EventRounds "9"]
[EventCountry "SRB"]
[SourceTitle "OM OTB B 201907"]
[Source "Opening Master"]
[SourceDate "2019.07.06"]
[SourceVersion "2"]
[SourceVersionDate "2019.07.06"]
[SourceQuality "1"]

1. e4 c5 2. Nf3 Nc6 3. d4 cxd4 4. Nxd4 Nf6 5. Nc3 d6 6. Be2 e5 7. Nb3 Be7 8.
Be3 O-O 9. Qd2 a5 10. a4 Nb4 11. O-O Be6 12. Rad1 Rc8 13. Na1 d5 14. exd5 Nfxd5
15. Nxd5 Qxd5 16. Qxd5 Nxd5 17. Bd2 b6 18. c4 Nb4 19. b3 Bc5 20. Bc3 f6 21. Rd2
Rcd8 22. Rfd1 Rxd2 23. Rxd2 Bf5 24. Kf1 Kf7 25. h4 Ke7 26. g4 Be4 27. f3 Bc6
28. Nc2 Nxc2 29. Rxc2 Rd8 30. Rd2 Bd4 31. Bxd4 Rxd4 32. Rxd4 exd4 33. Ke1 Kd6
34. Kd2 h5 35. Kd3 hxg4 36. fxg4 Ke5 37. h5 Be4+ 38. Kd2 Kd6 39. Bd3 Bf3 40.
Bf5 Kc5 41. Kd3 Bd1 42. Bd7 Bxb3 43. Bb5 Bd1 44. Bd7 Bf3 45. Be6 Bg2 46. Bf7
Bf1+ 0-1

[Event "Graz op-A 17th"]
[Site "Graz"]
[Date "2010.09.01"]
[Round "5"]
[White "Huber, Adolf"]
[Black "Mihevc, Ivo"]
[Result "1/2-1/2"]
[WhiteElo "2072"]
[BlackElo "2193"]
[PlyCount "110"]
[EventDate "2010.08.21"]
[EventType "swiss"]
[EventRounds "9"]
[EventCountry "AUT"]
[SourceTitle "OM OTB B 201907"]
[Source "Opening Master"]
[SourceDate "2019.07.06"]
[SourceVersion "2"]
[SourceVersionDate "2019.07.06"]
[SourceQuality "1"]

1. e4 c5 2. Nf3 Nc6 3. d4 cxd4 4. Nxd4 Nf6 5. Nc3 d6 6. Be2 e5 7. Nxc6 bxc6 8.
O-O Be7 9. Rb1 O-O 10. f4 exf4 11. Bxf4 Qc7 12. Qd2 Nd7 13. Bc4 Ne5 14. Bb3 Ba6
15. Rf2 Rad8 16. Bg5 Kh8 17. Bxe7 Qxe7 18. Re1 Bc4 19. g3 Be6 20. Nd1 Bg4 21.
Ref1 Bh3 22. Re1 f5 23. exf5 Rxf5 24. Kh1 Qf6 25. Rxf5 Qxf5 26. Qf4 Rf8 27. Nf2
g5 28. Qxf5 Bxf5 29. Kg2 g4 30. c3 Kg7 31. Rd1 d5 32. Rd4 h5 33. Ra4 Rf7 34. h3
gxh3+ 35. Nxh3 Bxh3+ 36. Kxh3 Kg6 37. Bd1 Nc4 38. Kh4 Rf1 39. Bxh5+ Kf6 40. Be2
Rh1+ 41. Kg4 Ne5+ 42. Kf4 Rb1 43. Rxa7 Rxb2 44. Ke3 c5 45. Ra6+ Ke7 46. Bd1
Nc4+ 47. Kf3 Rd2 48. Be2 Ne5+ 49. Ke3 Rc2 50. Ra3 d4+ 51. cxd4 cxd4+ 52. Kxd4
Rxe2 53. Re3 Rxa2 54. Kxe5 Ra5+ 55. Kf4+ Kf6 1/2-1/2

[Event "Schwarzach op 25th"]
[Site "Schwarzach"]
[Date "2010.08.28"]
[Round "8"]
[White "Womacka, Mathias"]
[Black "Burg, Twan"]
[Result "1/2-1/2"]
[WhiteElo "2478"]
[BlackElo "2449"]
[PlyCount "205"]
[EventDate "2010.08.21"]
[EventType "swiss"]
[EventRounds "9"]
[EventCountry "AUT"]
[SourceTitle "OM OTB B 201907"]
[Source "Opening Master"]
[SourceDate "2019.07.06"]
[SourceVersion "2"]
[SourceVersionDate "2019.07.06"]
[SourceQuality "1"]

1. e4 c5 2. Nf3 d6 3. d4 cxd4 4. Nxd4 Nf6 5. Nc3 Nc6 6. Be2 e5 7. Nf3 h6 8. O-O
Be7 9. Re1 O-O 10. h3 a6 11. b3 Be6 12. Bb2 Qa5 13. a3 Rac8 14. Bf1 Nb8 15. b4
Qc7 16. Rc1 Qc6 17. Nd2 Nbd7 18. Ncb1 Qb6 19. c4 a5 20. Qb3 Nh5 21. Qe3 axb4
22. Qxb6 Nxb6 23. axb4 Ra8 24. c5 Ra2 25. cxb6 Rxb2 26. b5 Bd8 27. Nc4 Rxb5 28.
Nc3 Rb4 29. Nxd6 Bxb6 30. Nxb7 Bxf2+ 31. Kxf2 Rxb7 32. Nd5 Rb2+ 33. Kg1 Rd2 34.
Red1 Rxd1 35. Rxd1 Ng3 36. Ne7+ Kh8 37. Bd3 Re8 38. Nc6 Bb3 39. Ra1 Re6 40. Ra6
Kh7 41. Kf2 Nh5 42. Na5 Nf4 43. Bf1 Rxa6 44. Bxa6 Bc2 45. Bb7 Kg6 46. Nc4 Kf6
47. h4 Nd3+ 48. Ke3 Nc5 49. Bc6 Ba4 50. Ba8 Bb3 51. Nd2 Ba2 52. Bc6 Ke7 53. Bb5
Kd6 54. g3 Nb7 55. Kd3 Na5 56. Be8 Kc5 57. Nf3 Nc4 58. Bxf7 Nb2+ 59. Kc2 Bxf7
60. Kxb2 Bh5 61. g4 Bg6 62. Kc3 Bxe4 63. Nxe5 Kd5 64. Nd3 Bf3 65. Kd2 Ke4 66.
Nc5+ Kf4 67. Ne6+ Kg3 68. g5 Kxh4 69. Ke3 Bg4 70. gxh6 gxh6 71. Nf4 Kg3 72. Ke4
Bd1 73. Kf5 Bc2+ 74. Ke5 Bb1 75. Nh5+ Kg4 76. Nf4 Bh7 77. Nd5 Kf3 78. Nf4 Bc2
79. Nd5 Kg4 80. Nf4 Bb1 81. Nd5 Kg5 82. Nf4 Bc2 83. Ne6+ Kg4 84. Nf4 Bb1 85.
Nd5 Kg5 86. Nf4 Bf5 87. Nh5 Bd7 88. Nf4 Bf5 89. Nh5 Bd7 90. Nf4 Bc8 91. Ke4
Bb7+ 92. Ke3 Kg4 93. Ng6 h5 94. Kf2 Be4 95. Ne5+ Kf4 96. Nc4 h4 97. Ne3 h3 98.
Nf1 Bd3 99. Nh2 Bc4 100. Nf1 Bxf1 101. Kxf1 h2 102. Kg2 h1=Q+ 103. Kxh1 1/2-1/2

[Event "Moehnesee Cup 36th"]
[Site "Moehnesee"]
[Date "2010.08.28"]
[Round "5"]
[White "Kuznetsov, Mark"]
[Black "Roos, Thomas"]
[Result "1-0"]
[WhiteElo "2085"]
[BlackElo "2215"]
[PlyCount "89"]
[EventDate "2010.08.26"]
[EventType "swiss"]
[EventRounds "7"]
[EventCountry "GER"]
[SourceTitle "OM OTB B 201907"]
[Source "Opening Master"]
[SourceDate "2019.07.06"]
[SourceVersion "2"]
[SourceVersionDate "2019.07.06"]
[SourceQuality "1"]

1. e4 c5 2. Nf3 d6 3. d4 cxd4 4. Nxd4 Nf6 5. Nc3 Nc6 6. Be2 e5 7. Nb3 Be7 8.
Be3 a5 9. a4 O-O 10. g4 Be6 11. Bf3 Nb4 12. g5 Ne8 13. Rg1 f5 14. gxf6 Nxf6 15.
Qe2 Rc8 16. O-O-O Bc4 17. Qe1 b5 18. axb5 a4 19. Nd2 Bxb5 20. Bh6 Rf7 21. Qe3
Bd7 22. Be2 Be6 23. Nf3 Ng4 24. Qd2 gxh6 25. Qxh6 Rf6 26. Qh5 Kh8 27. Ng5 Rh6
28. Nxe6 Rxh5 29. Nxd8 Rxd8 30. Bxg4 Rxh2 31. Nd5 Nxd5 32. Rxd5 Rxf2 33. Bf5
Bf6 34. Rh1 Bg5+ 35. Kb1 h6 36. Rhd1 Be7 37. Ra5 Rg8 38. Rxa4 Rgg2 39. Rc4 Kg7
40. b4 Kf6 41. Rh1 Rh2 42. Rxh2 Rxh2 43. b5 Rg2 44. b6 Rg8 45. Bc8 1-0

[Event "50 Brasiliense Absoluto "]
[Site "?"]
[Date "2010.08.26"]
[Round "1.7"]
[White "Magalhaes, Romildo Martins"]
[Black "Shumyatsky, Victor"]
[Result "0-1"]
[WhiteElo "2038"]
[BlackElo "2332"]
[PlyCount "84"]
[EventDate "2010.08.22"]
[EventCountry "BRA"]
[SourceTitle "OM OTB B 201907"]
[Source "Opening Master"]
[SourceDate "2019.07.06"]
[SourceVersion "2"]
[SourceVersionDate "2019.07.06"]
[SourceQuality "1"]

1. e4 c5 2. Nf3 Nc6 3. d4 cxd4 4. Nxd4 Nf6 5. Nc3 d6 6. Be2 e5 7. Nb3 Be7 8.
O-O Be6 9. Be3 O-O 10. f4 exf4 11. Bxf4 d5 12. e5 Ne4 13. Nxe4 dxe4 14. Qxd8
Raxd8 15. c3 a6 16. Rad1 Rfe8 17. Kf2 h6 18. Rxd8 Bxd8 19. Ke3 g5 20. Bg3 Bb6+
21. Nd4 Rd8 22. Rd1 Bxa2 23. Bg4 Be6 24. Bxe6 fxe6 25. Kxe4 Bxd4 26. cxd4 Ne7
27. Rc1 Nd5 28. Rc2 Kf7 29. h4 Kg6 30. Rf2 Rc8 31. hxg5 hxg5 32. Kd3 a5 33. Rf1
a4 34. Ra1 b5 35. Be1 Nf4+ 36. Ke4 Rc2 37. g3 Nd5 38. Rb1 b4 39. Kd3 b3 40. Ra1
Rxb2 41. Rxa4 Rb1 42. Bd2 Rd1 0-1

[Event "Nikea op 18th"]
[Site "Nikea"]
[Date "2010.08.24"]
[Round "6"]
[White "Sideris, Theodoros"]
[Black "Fragkou, Eleni"]
[Result "1-0"]
[WhiteElo "2053"]
[BlackElo "1896"]
[PlyCount "97"]
[EventDate "2010.08.20"]
[EventType "swiss"]
[EventRounds "9"]
[EventCountry "GRE"]
[SourceTitle "OM OTB B 201907"]
[Source "Opening Master"]
[SourceDate "2019.07.06"]
[SourceVersion "2"]
[SourceVersionDate "2019.07.06"]
[SourceQuality "1"]

1. e4 c5 2. Nf3 d6 3. d4 cxd4 4. Nxd4 Nf6 5. Nc3 Nc6 6. Be2 e5 7. Nb3 Be7 8.
O-O O-O 9. Be3 a5 10. Nd2 Be6 11. Nc4 b5 12. Nxb5 Nxe4 13. f3 Bxc4 14. fxe4 Be6
15. c4 Nb4 16. a3 Na6 17. Qe1 Nc5 18. Bxc5 dxc5 19. Rd1 Qb6 20. Qg3 Rad8 21.
Qxe5 Bf6 22. Qc7 Bd4+ 23. Kh1 Qxc7 24. Nxc7 Bxb2 25. Nxe6 fxe6 26. Bg4 e5 27.
Be6+ Kh8 28. Rxd8 Rxd8 29. a4 h6 30. h4 Re8 31. Bd5 Bd4 32. h5 Be3 33. Rf7 Bf4
34. Kg1 Rb8 35. Kf2 Rb2+ 36. Kf3 Rb3+ 37. Ke2 Rb2+ 38. Kd3 Rb3+ 39. Kc2 Rb8 40.
Ra7 Kh7 41. Rxa5 Be3 42. Ra8 Rxa8 43. Bxa8 Bg5 44. a5 Bd8 45. a6 Bb6 46. Kb3 g6
47. Ka4 gxh5 48. Kb5 Ba7 49. Bd5 1-0